000
00318 a2200121 4500
000
nam a22 7a 4500
005
20260206122250.0
020
_a
9789395695374
100
_a
Avasthi, Pushpita
_9
1114204
245
_a
Pravasi Shreshtha Kahaniyan : Pravasi Sahitya Mala 4
260
_b
Swaraj
_c
2024
942
_c
TEXL
999
_c
1678799
_d
1678799